00000000nam##2200000za#4500
0019.662699
003CaOODSP
00520230202144025
007ta
008150407|2001||||xxc|||||     f|0| 0 eng|d
020 |a0-662-65661-X
022 |a1494-1791
040 |aCaOODSP|beng
041 |aeng
041 |afre
043 |an-cn---
0861 |aH72-21/21-2001
1102 |aNational Clearinghouse on Family Violence (Canada)‏.
24510|aPublications available from the National Clearinghouse on Family Violence, 2001
260 |aOttawa - Ontario : |bHealth Canada. |c2001.
300 |aEnglish text, 39p. ; |c28 cm.
546 |aBilingual
563 |aSoftcover
590 |a01-43|b2001-10-26
69007|aFamily violence|2gcpds
7760#|tPublications available from the National Clearinghouse on Family Violence |w(CaOODSP)9.695724
7760#|tListe des publications du Centre national d'information sur la violence dans la famille |w(CaOODSP)9.639850
792 |tListe des publications du Centre national d'information sur la violence dans la famille, 2001 |efre|w(CaOODSP)9.662700